Fundamentos de contabilidad/ (Registro nro. 9440)

Detalles MARC
000 -LEADER
fixed length control field 01213nam a2200205Ia 4500
005 - FECHA Y HORA DE LA ÚLTIMA TRANSACCIÓN
control field 20250426084518.0
008 - FIXED-LENGTH DATA ELEMENTS--GENERAL INFORMATION
fixed length control field 230921s9999 xx 000 0 und d
020 ## - INTERNATIONAL STANDARD BOOK NUMBER
International Standard Book Number 9701042549
040 ## - CATALOGING SOURCE
Original cataloging agency UPAN
Transcribing agency Biblioteca San Vicente
Description conventions RCAA2
041 ## - LANGUAGE CODE
Language code of text/sound track or separate title spa
082 ## - DEWEY DECIMAL CLASSIFICATION NUMBER
Classification number 657
Item number G835g
año de publicación 2005
100 ## - MAIN ENTRY--PERSONAL NAME
Personal name Guajardo Cantú, Gerardo
Relator code aut.
245 #0 - TITLE STATEMENT
Title Fundamentos de contabilidad/
Remainder of title Gerardo Guajardo Cantù
250 ## - EDITION STATEMENT
Edition statement 1° ed.
260 ## - PUBLICATION, DISTRIBUTION, ETC. (IMPRINT)
Place of publication, distribution, etc Mexico:
Name of publisher, distributor, etc McGraw Hill,
Date of publication, distribution, etc 2005
300 ## - PHYSICAL DESCRIPTION
Extent 428 p.;
Dimensions 25 cm.
505 ## - FORMATTED CONTENTS NOTE
Formatted contents note 1. La importancia de la contabilidad<br/>2. Características y principios de contabilidad<br/>3. Conceptos básicos de contabilidad financiera<br/>4. La ecuación contable<br/>5. Elementos del proceso contable<br/>6. Métodos para registrar las operaciones contables<br/>7. Ciclo contable: registro de transacciones<br/>8. Ajustes<br/>9. Ciclo contable: estados financieros<br/>10. Cierre contable<br/>11. Diferencias contables entre las empresas de servicios y las comerciales<br/>12. Práctica de ciclo contable: empresas comerciales. Parte I: Registro de transacciones<br/>13. Práctica de ciclo contable: empresas comerciales. Parte II: Ajustes, estados <br/>14. El informe financiero
650 ## - SUBJECT ADDED ENTRY--TOPICAL TERM
Source of heading or term LEMB
General subdivision Contabilidad
942 ## - ADDED ENTRY ELEMENTS (KOHA)
Koha item type Libros
Source of classification or shelving scheme Dewey Decimal Classification
Existencias
Withdrawn status Lost status Source of classification or shelving scheme Damaged status Not for loan Collection code Home library Current library Date acquired Total Checkouts Full call number Barcode Date last seen Copy number Price effective from Koha item type
    Dewey Decimal Classification     Colección General Biblioteca UPAN San Vicente Biblioteca UPAN San Vicente 21/09/2023   657 G835g 12002372 21/09/2023 01 21/09/2023 Libros
    Dewey Decimal Classification     Colección General Biblioteca UPAN San Vicente Biblioteca UPAN San Vicente 21/09/2023   657 G835g 12002373 22/09/2023 02 21/09/2023 Libros
    Dewey Decimal Classification     Colección General Biblioteca UPAN San Vicente Biblioteca UPAN San Vicente 21/09/2023   657 G835g 12004295 22/09/2023 03 21/09/2023 Libros